| 000 | 00000nam 2200000za 4500 |
| 001 | 9.840217 |
| 003 | CaOODSP |
| 005 | 20221107151804 |
| 007 | cr ||||||||||| |
| 008 | 170724s1959 abc #o f100 0 eng d |
| 040 | |aCaOODSP|beng |
| 043 | |an-cn--- |
| 086 | 1 |aR5-332/1959E-PDF |
| 245 | 00|aAddress of Lt. Col. H.M. Jones, Director of Indian Affairs |h[electronic resource] : |bNational Superintendents' Conference, Banff, September 14, 1959. |
| 246 | 10|aNational Superintendents' Conference, Banff, September 14, 1959 |
| 260 | |a[Banff, AB?] : |b[Indian and Northern Affairs?], |c1959. |
| 300 | |a17 p. |
| 500 | |aDigitized edition from print [produced by Indigenous and Northern Affairs Canada]. |
| 520 | |a"In its final report to Parliament in 1948, the Special Joint Committee of the Senate and House of Commons on Indian Affairs, which had convened over a period of three years, recommended that in the field of education steps should be taken, and I quote, "to prepare Indian children to take their place as citizens"; and to quote further, ''Wherever and whenever possible, Indian children should bs educated in association with other children." How far have we succeeded in carrying out this mandate?"--p. 2-3. |
| 692 | 07|2gccst|aIndians |
| 692 | 07|2gccst|aAboriginal affairs |
| 692 | 07|2gccst|aStatements |
| 710 | 1 |aCanada. |bIndian and Northern Affairs Canada. |
| 856 | 40|qPDF|s6.45 MB|uhttps://publications.gc.ca/collections/collection_2017/aanc-inac/R5-332-1959-eng.pdf |